000 00417nam a2200181Ia 4500
001 4803
005 20260306145821.0
008 260306t2000||||xx |||||||||||||| ||spa||
041 _aESP
082 _a330.122
_bD36
100 _aSoto, Hernando de
_eAUT
245 0 _aEl misterio del capital
260 _c2000
300 _a287 páginas :
_c23 cm.
650 _aGEN
654 _aCAN
942 _cLIB
_dJUS
_fJUS
_2ddc
_n
999 _c4803
_d4803